|
|
|
|
| LEADER |
00648nab a2200193 i 4500 |
| 001 |
acta4245 |
| 005 |
20250829090551.0 |
| 008 |
161015s1990 hu o 000 hun d |
| 040 |
|
|
|a SZTE Egyetemi Kiadványok Repozitórium
|b hun
|
| 041 |
|
|
|a hun
|
| 245 |
0 |
0 |
|a Ung
|h [elektronikus dokumentum]
|
| 260 |
|
|
|a Belvedere Meridionale
|b Szeged
|c 1990
|
| 300 |
|
|
|a 4
|
| 490 |
0 |
|
|a Belvedere Meridionale
|v 2 No. 5
|
| 650 |
|
4 |
|a Bölcsészettudományok
|
| 650 |
|
4 |
|a Történettudomány és régészet
|
| 695 |
|
|
|a Ung vármegye története
|
| 700 |
0 |
2 |
|a Farkasfalvy Mauks Ernő
|
| 856 |
4 |
0 |
|u http://acta.bibl.u-szeged.hu/4245/1/belvedere_1990_005_004.pdf
|z Dokumentum-elérés
|